000 00958nam a2200301 i 4500
003 EG-GICUC
005 20260203102429.0
008 260203b1994 enk||||fr|||| 00| 0 eng d
020 _a9780333588192
020 _a0333588193
040 _aEG-GiCUC
_beng
_cEG-GiCUC
_dEG-GiCUC
_erda
082 0 4 _221
_a341.48
092 0 4 _221
099 _aLaw 11 1994
100 1 _aBaehr, Peter R.
245 1 4 _aThe Role of Human Rights in forign policy /
_cPeter R. Baehr ; foreword by Peter Kooijmans.
264 _aLondon :
_bThe Macmillan Press,
_c1994.
300 _ax, 210 pages ;
_b,
_c24 cm
336 _2rda content
_atext
337 _2rda media
_aComputer
338 _2rda carrier
_aOnline Resource
504 _aIncludes bibliographical references page (203-205) and index.
650 1 0 _aInternational law
650 1 0 _aHuman rights
856 4 0 _uhttps://fll.law.cu.edu.eg/fulltext/bks/ENGB11-00113.pdf
905 _a10
942 _2ddc
_cBK
_e21
_n0
999 _c60444
_d60444